000 00587nam a2200181 a 4500
001 000034776
005 20200930073909.0
008 111019s1972 ag 000 j spa d
040 _aDO-SdBNP
_bspa
_cBNPHU
082 _axxxx
_bS692c
100 1 _aSolyenitzin, Alenjandro
_960268
240 1 0 _aKpoxothble paccka3bl
_lAlemán
245 0 _aCuentos en miniatura :
_bcuentos /
_cAlenjandro Solyenitzin ; traductor Irina Astrau.
260 _aArgentina, :
_bEmecé Editores,
_c1972.
300 _a179 p. ;
_c18 p.
500 _aTraducido del alemán.
700 1 2 _aAstrau, Irina,
_etrad.
_946952
999 _c34267
_d34267